Social Network Analysis and Mining
Na minha lista:
| Formato: | Periódico |
|---|---|
| Idioma: | inglês |
| Publicado em: |
Wien
Springer
|
| Tags: |
Sem tags, seja o primeiro a adicionar uma tag!
|
MARC
| LEADER | 00000nas1a2200000 4500 | ||
|---|---|---|---|
| 001 | 0313026 | ||
| 005 | 20251104134339.9 | ||
| 022 | |a 1869-5450 | ||
| 022 | |a 1869-5469 | ||
| 041 | 0 | |a eng | |
| 044 | |a AT | ||
| 245 | 1 | 0 | |a Social Network Analysis and Mining |
| 264 | 1 | |a Wien |b Springer | |